000 00819nam a22002297a 4500
003 NALT
005 20251125232938.0
008 s2535 th tha d
020 _a9748313565
040 _aNALT
041 _atha
050 _aJQ1745.A5 ป384ป 2535
100 0 _aประเวศ วะสี
245 1 0 _aประชาธิปไตย 2535
260 3 _aกรุงเทพฯ :
_bหมอชาวบ้าน,
_c2535
300 _a200 หน้า
650 0 4 _aไทย -- การเมืองและการปกครอง -- กรุงรัตนโกสินทร์, 2534--2535
850 _aNALT
856 4 0 _uhttps://hdl.handle.net/20.500.14156/409250
942 _cGB
_2lcc
999 _c40884
_d40884
998 _j109
_k อารีรัตน์ วิชาช่าง